Vista normal
Vista MARC
- GUÍA PARA PADRES
Entrada Topical Term
Número de registros utilizados en: 1
001 - CONTROL NUMBER
- control field: 55496
003 - CONTROL NUMBER IDENTIFIER
- control field: OSt
005 - DATE AND TIME OF LATEST TRANSACTION
- control field: 20190814101440.0
008 - FIXED-LENGTH DATA ELEMENTS
- fixed length control field: 190814|| aca||aabn | a|a d
040 ## - CATALOGING SOURCE
- Original cataloging agency: OSt
- Transcribing agency: OSt
150 ## - HEADING--TOPICAL TERM
- Topical term or geographic name entry element: GUÍA PARA PADRES
670 ## - SOURCE DATA FOUND
- Source citation: Work cat.: (OSt): Océano Multimedia 3769, Guía del cuerpo y la salud